[Event "Pardubice rapid op 33rd"]
[Site "Pardubice"]
[Date "2022.07.21"]
[Round "7"]
[White "Rakhmangulova, Iulia"]
[Black "Kavalir, Jan"]
[Result "1/2-1/2"]
[WhiteElo "1904"]
[BlackElo "1987"]
[PlyCount "78"]
[EventDate "2022.07.20"]
[EventType "swiss (rapid)"]
[EventRounds "9"]
[EventCountry "CZE"]
[SourceTitle "CBM 209 Extra"]
[Source "ChessBase"]
[SourceDate "2022.09.30"]
[SourceVersion "1"]
[SourceVersionDate "2022.09.30"]
[SourceQuality "1"]

1. e4 e6 2. d4 d5 3. e5 c5 4. Qg4 Nc6 5. Nf3 cxd4 6. Bd3 h5 7. Qf4 Nh6 8. 0-0 Bd7 9. a3 Qc7 10. b4 0-0-0 11. b5 Na5 12. Qxd4 Bc5 13. Qb2 Bb6 14. Bg5 Rde8 15. Nbd2 Ng4 16. c4 d4 17. Rfe1 f6 18. exf6 gxf6 19. Bh4 e5 20. h3 f5 21. Bg3 Qc5 22. hxg4 e4 23. Bxe4 hxg4 24. Ng5 Bc7 25. Bd5 Rxe1+ 26. Rxe1 Bxg3 27. Qb4 Qxb4 28. axb4 Bf4 29. Rd1 Bxg5 30. bxa5 Bf4 31. Nb3 Bh2+ 32. Kf1 Be5 33. Ke2 f4 34. Nxd4 g3 35. fxg3 fxg3 36. Bf3 Rh4 37. Ke3 Bf4+ 38. Kd3 Be5 39. Ke3 Bf4+ 1/2-1/2

[Event "Pardubice rapid op 33rd"]
[Site "Pardubice"]
[Date "2022.07.21"]
[Round "5"]
[White "Rakhmangulova, Iulia"]
[Black "Zdrazil, Tomas"]
[Result "1-0"]
[WhiteElo "1904"]
[BlackElo "2122"]
[PlyCount "82"]
[EventDate "2022.07.20"]
[EventType "swiss (rapid)"]
[EventRounds "9"]
[EventCountry "CZE"]
[SourceTitle "CBM 209 Extra"]
[Source "ChessBase"]
[SourceDate "2022.09.30"]
[SourceVersion "1"]
[SourceVersionDate "2022.09.30"]
[SourceQuality "1"]

1. e4 c5 2. Nc3 e6 3. g3 d5 4. exd5 exd5 5. d4 cxd4 6. Qxd4 Nf6 7. Bg2 Nc6 8. Qd1 d4 9. Nce2 Bc5 10. Nf3 0-0 11. 0-0 Bf5 12. a3 a5 13. Nf4 Qd7 14. Nd3 Bb6 15. Bg5 Ne4 16. Bf4 f6 17. Re1 Nc5 18. Nxc5 Bxc5 19. Nh4 Bg4 20. Qd2 Bb6 21. Re4 Be6 22. Rae1 Bd5 23. R4e2 Bxg2 24. Nxg2 g5 25. Bxg5 fxg5 26. Qxg5+ Qg7 27. Qb5 Bd8 28. Re4 Kh8 29. Nf4 Qf7 30. h4 Bc7 31. Qxb7 Bxf4 32. Qxc6 Rac8 33. Qb6 Bb8 34. Qxd4+ Qf6 35. Qd2 Ba7 36. Rf4 Qg7 37. Kg2 Rxf4 38. Qxf4 Rf8 39. Qe5 Rxf2+ 40. Kh3 Qxe5 41. Rxe5 Bb6 1-0